[Event "HUN-chT1 Charousek 2324"]
[Site "Hungary"]
[Date "2024.03.03"]
[Round "7.5"]
[White "Cseke, Richard"]
[Black "Lyell, Mark"]
[Result "1/2-1/2"]
[WhiteElo "2300"]
[BlackElo "2201"]
[PlyCount "75"]
[EventDate "2023.10.08"]
[EventType "team-tourn"]
[EventRounds "11"]
[EventCountry "HUN"]
[SourceTitle "EXT 2025"]
[Source "ChessBase"]
[SourceDate "2024.10.14"]
[SourceVersion "1"]
[SourceVersionDate "2024.10.14"]
[SourceQuality "1"]
[WhiteTeam "Ajka Sentimento"]
[BlackTeam "Balatonfuered"]
[WhiteTeamCountry "HUN"]
[BlackTeamCountry "HUN"]

1. d4 d5 2. Bg5 Nc6 3. e3 f6 4. Bh4 Nh6 5. c4 e5 6. dxe5 Bb4+ 7. Nc3 d4 8. exd4 Qxd4 9. Qxd4 Nxd4 10. 0-0-0 Bxc3 11. bxc3 Ndf5 12. Bg3 Nxg3 13. hxg3 fxe5 14. Bd3 Bg4 15. f3 Be6 16. Re1 0-0-0 17. Kc2 Rhe8 18. Nh3 Nf7 19. Bxh7 Bxc4 20. Nf2 Rd6 21. Bd3 Bxd3+ 22. Nxd3 Ra6 23. Nb4 Rg6 24. g4 e4 25. c4 Re5 26. Nd5 b5 27. f4 Re8 28. g5 Rc6 29. Rh7 Rxc4+ 30. Kb3 Rd4 31. Rxg7 Rxd5 32. Rxf7 a5 33. Re3 Red8 34. Rxe4 Rd3+ 35. Kc2 Rd2+ 36. Kc1 Rd1+ 37. Kc2 R1d2+ 38. Kc1 1/2-1/2

[Event "HUN-chT1 Charousek 2324"]
[Site "Hungary"]
[Date "2023.12.10"]
[Round "5.6"]
[White "Bernath, Bence"]
[Black "Cseke, Richard"]
[Result "0-1"]
[WhiteElo "2246"]
[BlackElo "2300"]
[PlyCount "80"]
[EventDate "2023.10.08"]
[EventType "team-tourn"]
[EventRounds "11"]
[EventCountry "HUN"]
[SourceTitle "EXT 2025"]
[Source "ChessBase"]
[SourceDate "2024.10.14"]
[SourceVersion "1"]
[SourceVersionDate "2024.10.14"]
[SourceQuality "1"]
[WhiteTeam "Paks ASE II"]
[BlackTeam "Ajka Sentimento"]
[WhiteTeamCountry "HUN"]
[BlackTeamCountry "HUN"]

1. e4 c6 2. d4 d5 3. e5 Bf5 4. h4 h5 5. Bd3 Bxd3 6. Qxd3 e6 7. Bg5 Qb6 8. Nd2 Nd7 9. c4 Qxb2 10. Rb1 Qxa2 11. Rxb7 Qa6 12. Qb3 Nb6 13. Rc7 Nxc4 14. Nxc4 dxc4 15. Qb7 Qxb7 16. Rxb7 a5 17. Nf3 Bb4+ 18. Ke2 f6 19. Be3 Ne7 20. Nd2 Bxd2 21. Bxd2 Nf5 22. exf6 gxf6 23. Bc3 0-0 24. Rhb1 Rf7 25. g4 hxg4 26. h5 Re8 27. R1b6 Rxb7 28. Rxb7 Rd8 29. d5 Rxd5 30. Bxf6 e5 31. Bg5 Rb5 32. Rc7 Nd4+ 33. Ke3 Ne6 34. Rc8+ Kf7 35. Bh4 e4 36. Kxe4 Rxh5 37. Bg3 c3 38. Rxc6 Rc5 39. Rxc5 Nxc5+ 40. Ke3 c2 0-1

[Event "HUN-chT1 Charousek 2324"]
[Site "Hungary"]
[Date "2023.11.26"]
[Round "4.7"]
[White "Szabo, Laszlo7"]
[Black "Cseke, Richard"]
[Result "0-1"]
[WhiteElo "1983"]
[BlackElo "2300"]
[PlyCount "46"]
[EventDate "2023.10.08"]
[EventType "team-tourn"]
[EventRounds "11"]
[EventCountry "HUN"]
[SourceTitle "EXT 2025"]
[Source "ChessBase"]
[SourceDate "2024.10.14"]
[SourceVersion "1"]
[SourceVersionDate "2024.10.14"]
[SourceQuality "1"]
[WhiteTeam "Gyor Szechenyi"]
[BlackTeam "Ajka Sentimento"]
[WhiteTeamCountry "HUN"]
[BlackTeamCountry "HUN"]

1. e4 c5 2. Nf3 Nc6 3. d4 cxd4 4. Nxd4 Nf6 5. Nc3 d6 6. Bc4 e6 7. Be3 Be7 8. Qe2 a6 9. Bb3 Bd7 10. 0-0 0-0 11. f3 b5 12. Nxc6 Bxc6 13. Rad1 Qc7 14. Bd4 b4 15. Na4 Bb5 16. Qe3 e5 17. Bb6 Qc6 18. Bd5 Nxd5 19. exd5 Qxc2 20. Rc1 Qxa4 21. b3 Qa3 22. Rf2 h6 23. Rfc2 Rab8 0-1

[Event "HUN-chT1 Charousek 2223"]
[Site "Hungary"]
[Date "2023.02.12"]
[Round "5.3"]
[White "Dobos, Jozsef"]
[Black "Cseke, Richard"]
[Result "1/2-1/2"]
[WhiteElo "2223"]
[BlackElo "2323"]
[PlyCount "47"]
[EventDate "2022.11.20"]
[EventType "team-tourn"]
[EventRounds "9"]
[EventCountry "HUN"]
[SourceTitle "EXT 2025"]
[Source "ChessBase"]
[SourceDate "2024.10.14"]
[SourceVersion "1"]
[SourceVersionDate "2024.10.14"]
[SourceQuality "1"]
[WhiteTeam "Csuti Hydro"]
[BlackTeam "Sentimento Ajka BSK II"]
[WhiteTeamCountry "HUN"]
[BlackTeamCountry "HUN"]

1. c4 a6 2. Nc3 c6 3. e4 d6 4. d4 g6 5. Be3 Bg7 6. h3 b5 7. a3 Nd7 8. Nf3 Rb8 9. Qd2 e6 10. b4 Ne7 11. c5 dxc5 12. dxc5 0-0 13. Bh6 Ne5 14. Bxg7 Nxf3+ 15. gxf3 Qxd2+ 16. Kxd2 Kxg7 17. f4 f6 18. Ke3 Rd8 19. h4 e5 20. fxe5 fxe5 21. Be2 Be6 22. Rhd1 Bb3 23. Rxd8 Rxd8 24. Rb1 1/2-1/2

[Event "HUN-chT 2223"]
[Site "Hungary"]
[Date "2022.12.04"]
[Round "2.12"]
[White "Cseke, Richard"]
[Black "Havanecz, Bianka"]
[Result "1/2-1/2"]
[WhiteElo "2328"]
[BlackElo "2210"]
[PlyCount "93"]
[EventDate "2022.11.20"]
[EventType "team-tourn"]
[EventRounds "9"]
[EventCountry "HUN"]
[SourceTitle "CBM 211 Extra"]
[Source "ChessBase"]
[SourceDate "2023.01.31"]
[SourceVersion "1"]
[SourceVersionDate "2023.01.31"]
[SourceQuality "1"]
[WhiteTeam "Ajka Sentimento"]
[BlackTeam "Kobanya Aquarena"]
[WhiteTeamCountry "HUN"]
[BlackTeamCountry "HUN"]

1. d4 d5 2. Bf4 c5 3. c3 Nc6 4. e3 Nf6 5. Nf3 Qb6 6. Qb3 c4 7. Qxb6 axb6 8. Na3 Ra5 9. Bc7 Nd7 10. Be2 e6 11. Nc2 Be7 12. 0-0 Bd8 13. Bxd8 Nxd8 14. Nd2 b5 15. e4 Nb6 16. Ne3 Bd7 17. f4 0-0 18. exd5 exd5 19. Bf3 Bc6 20. Rfe1 Ne6 21. g3 Rd8 22. Bg4 Nf8 23. Bd1 Re8 24. Bc2 Raa8 25. Nf3 f6 26. f5 Nfd7 27. a3 Na4 28. Bxa4 Rxa4 29. Ng2 Raa8 30. Nf4 Nb6 31. Rad1 Na4 32. Rd2 Rxe1+ 33. Nxe1 Re8 34. Neg2 Kf7 35. Kf2 g6 36. Ne3 Nb6 37. g4 g5 38. Ne6 Rh8 39. h4 h6 40. Kg3 Nc8 41. Rh2 Kg8 42. Nc7 Nb6 43. Kf3 Rh7 44. Ne6 Na4 45. Nd1 Nb6 46. Re2 Re7 47. hxg5 1/2-1/2

[Event "HUN-chT2 Szechenyi 2122"]
[Site "Hungary"]
[Date "2022.04.10"]
[Round "9.4"]
[White "Molnar, Erno"]
[Black "Cseke, Richard"]
[Result "1/2-1/2"]
[WhiteElo "2210"]
[BlackElo "2331"]
[PlyCount "82"]
[EventDate "2021.10.10"]
[EventType "team-tourn"]
[EventRounds "9"]
[EventCountry "HUN"]
[SourceTitle "EXT 2025"]
[Source "ChessBase"]
[SourceDate "2024.10.14"]
[SourceVersion "1"]
[SourceVersionDate "2024.10.14"]
[SourceQuality "1"]
[WhiteTeam "Szechenyi ESE"]
[BlackTeam "Sentimento Ajka BSK"]
[WhiteTeamCountry "HUN"]
[BlackTeamCountry "HUN"]

1. e4 c6 2. d4 d5 3. Nc3 g6 4. h3 Bg7 5. Nf3 dxe4 6. Nxe4 Nd7 7. Bd3 Ngf6 8. 0-0 0-0 9. c3 Nxe4 10. Bxe4 Nf6 11. Bc2 Qb6 12. Qe2 e6 13. Rd1 a5 14. Ne5 a4 15. a3 Nd7 16. Nxd7 Bxd7 17. Bf4 Rfd8 18. Be4 Be8 19. Rd2 Qa5 20. Bf3 Rd7 21. Rad1 Rad8 22. Bg3 Bh6 23. Rd3 Qb5 24. Qc2 Qc4 25. Be5 Bg7 26. Bxg7 Kxg7 27. Be2 b5 28. h4 Qd5 29. h5 f6 30. Bf3 Qd6 31. Qe2 Re7 32. Re3 Bf7 33. d5 cxd5 34. Rxd5 exd5 35. Rxe7 Rd7 36. Re3 Qc5 37. Rd3 Re7 38. Qd1 Re5 39. hxg6 hxg6 40. Rd4 g5 41. g3 Qe7 1/2-1/2

[Event "HUN-chT2 Szechenyi 2122"]
[Site "Hungary"]
[Date "2021.10.31"]
[Round "2.2"]
[White "Cseke, Richard"]
[Black "Sarok, Peter"]
[Result "1/2-1/2"]
[WhiteElo "2317"]
[BlackElo "2106"]
[PlyCount "96"]
[EventDate "2021.10.10"]
[EventType "team-tourn"]
[EventRounds "9"]
[EventCountry "HUN"]
[SourceTitle "EXT 2025"]
[Source "ChessBase"]
[SourceDate "2024.10.14"]
[SourceVersion "1"]
[SourceVersionDate "2024.10.14"]
[SourceQuality "1"]
[WhiteTeam "Sentimento Ajka BSK"]
[BlackTeam "Kisber Aszar"]
[WhiteTeamCountry "HUN"]
[BlackTeamCountry "HUN"]

1. d4 Nf6 2. Bg5 Ne4 3. Bh4 c5 4. f3 Nf6 5. c3 Qb6 6. Qd2 d5 7. Bxf6 Qxf6 8. dxc5 e6 9. Qd4 Qh6 10. e3 Bd7 11. b4 Nc6 12. Qd2 Qh4+ 13. g3 Qf6 14. a3 h5 15. Ra2 g5 16. h3 Ne5 17. f4 gxf4 18. gxf4 Qg6 19. Qc2 Qg3+ 20. Qf2 Qg6 21. Rb2 Nd3+ 22. Bxd3 Qxd3 23. Qe2 Qh7 24. Nf3 a6 25. Nd4 Rg8 26. Nd2 Be7 27. N2f3 h4 28. Kd2 Rg3 29. Rg1 Rxh3 30. Qd3 Qh8 31. Kc1 Rg3 32. Rbg2 Rxg2 33. Rxg2 0-0-0 34. c6 Be8 35. b5 h3 36. Rh2 axb5 37. Qxb5 Bxc6 38. Nxc6 Bxa3+ 39. Kb1 Rd6 40. Qa5 Qh7+ 41. Rc2 Rxc6 42. Qa8+ Kc7 43. Qxa3 Qd3 44. Qe7+ Kb8 45. Qd8+ Ka7 46. Qa5+ Kb8 47. Qd8+ Ka7 48. Qa5+ Kb8 1/2-1/2

[Event "HUN-chT2 Charousek 1819"]
[Site "Hungary"]
[Date "2019.03.31"]
[Round "10.8"]
[White "Losonczi, Marcell"]
[Black "Cseke, Richard"]
[Result "1/2-1/2"]
[WhiteElo "2199"]
[BlackElo "2285"]
[PlyCount "86"]
[EventDate "2018.09.23"]
[EventType "team-tourn"]
[EventRounds "11"]
[EventCountry "HUN"]
[SourceTitle "EXT 2021"]
[Source "ChessBase"]
[SourceDate "2020.10.23"]
[SourceVersion "1"]
[SourceVersionDate "2020.10.23"]
[SourceQuality "1"]
[WhiteTeam "Paks ASE II"]
[BlackTeam "Ajka Banyasz"]
[WhiteTeamCountry "HUN"]
[BlackTeamCountry "HUN"]

1. e4 c5 2. Nf3 Nc6 3. d4 cxd4 4. Nxd4 Nf6 5. Nc3 d6 6. Bg5 Bd7 7. Qd2 Rc8 8. f4 Nxd4 9. Qxd4 Qa5 10. e5 dxe5 11. fxe5 e6 12. 0-0-0 Bc6 13. Be3 Nd7 14. Qxa7 Qxa7 15. Bxa7 Nxe5 16. Bd4 Nd7 17. Bb5 f6 18. Kb1 e5 19. Be3 Bc5 20. Bxc5 Nxc5 21. Rd5 Ne6 22. Ne4 Ke7 23. Bxc6 bxc6 24. Rd2 Rhd8 25. Rhd1 Rxd2 26. Rxd2 f5 27. Nd6 Rf8 28. a4 e4 29. Nc4 f4 30. a5 e3 31. Rd1 Rd8 32. Kc1 Rxd1+ 33. Kxd1 Nc7 34. Ke2 Ke6 35. Kf3 g5 36. g3 Kd5 37. b3 Kd4 38. gxf4 gxf4 39. Nb2 Kc3 40. Nd3 Kxc2 41. Nxf4 Kd2 42. h4 Kc3 43. Kxe3 Kxb3 1/2-1/2

[Event "HUN-chT2 Charousek 1819"]
[Site "Hungary"]
[Date "2019.03.10"]
[Round "9.9"]
[White "Cseke, Richard"]
[Black "Valis, Janos"]
[Result "1-0"]
[WhiteElo "2285"]
[BlackElo "2033"]
[PlyCount "85"]
[EventDate "2018.09.23"]
[EventType "team-tourn"]
[EventRounds "11"]
[EventCountry "HUN"]
[SourceTitle "EXT 2021"]
[Source "ChessBase"]
[SourceDate "2020.10.23"]
[SourceVersion "1"]
[SourceVersionDate "2020.10.23"]
[SourceQuality "1"]
[WhiteTeam "Ajka Banyasz"]
[BlackTeam "Budapest HUSI"]
[WhiteTeamCountry "HUN"]
[BlackTeamCountry "HUN"]

1. d4 g6 2. h4 Nf6 3. Nc3 Bg7 4. e4 d6 5. Be2 h5 6. Nf3 a6 7. a4 Nc6 8. d5 Nb4 9. Be3 c6 10. a5 Bd7 11. 0-0 0-0 12. Qd2 Ng4 13. Bb6 Qc8 14. Nd1 cxd5 15. Qxb4 Qxc2 16. Re1 Qxe4 17. Qb3 Qf4 18. Qxd5 Bc6 19. Qd2 Qf6 20. Qg5 e5 21. Qxf6 Bxf6 22. Nc3 d5 23. Ng5 Nh6 24. Rad1 d4 25. Nce4 Be7 26. Bc4 Rac8 27. b3 Rfe8 28. f3 Bb5 29. Bxb5 axb5 30. Rc1 Ba3 31. Rxc8 Rxc8 32. Nf6+ Kg7 33. Nd5 f6 34. Ne4 f5 35. Ng5 Bd6 36. Ne6+ Kf7 37. Nd8+ Kg7 38. Nxb7 Bb8 39. Nc5 Nf7 40. a6 Bd6 41. a7 Bxc5 42. Bxc5 d3 43. b4 1-0

[Event "HUN-chT2 Charousek 1819"]
[Site "Hungary"]
[Date "2018.12.02"]
[Round "5.9"]
[White "Cseke, Richard"]
[Black "Seres, Bela"]
[Result "0-1"]
[WhiteElo "2285"]
[BlackElo "2190"]
[PlyCount "90"]
[EventDate "2018.09.23"]
[EventType "team-tourn"]
[EventRounds "11"]
[EventCountry "HUN"]
[SourceTitle "CBM 189 Extra"]
[Source "ChessBase"]
[SourceDate "2019.05.31"]
[SourceVersion "1"]
[SourceVersionDate "2019.05.31"]
[SourceQuality "1"]
[WhiteTeam "Ajka Banyasz"]
[BlackTeam "Budapest HASE"]
[WhiteTeamCountry "HUN"]
[BlackTeamCountry "HUN"]

1. d4 c5 2. d5 e6 3. c4 exd5 4. cxd5 a6 5. g3 d6 6. Bg2 g6 7. Nf3 Bg7 8. 0-0 Ne7 9. a4 0-0 10. Nc3 Nf5 11. Re1 Nd7 12. Bf4 Qe7 13. h3 Ne5 14. Nxe5 Bxe5 15. Bxe5 Qxe5 16. e4 Nd4 17. f4 Qe7 18. Ne2 Bxh3 19. Nxd4 Bxg2 20. Kxg2 cxd4 21. Qxd4 f6 22. Rac1 Rac8 23. Kf3 Qd7 24. g4 h5 25. Rg1 hxg4+ 26. Kg3 g5 27. f5 Kg7 28. Kxg4 Rc7 29. Rc3 Rxc3 30. bxc3 b5 31. Ra1 Rb8 32. Rb1 Qc7 33. axb5 Rxb5 34. Rxb5 axb5 35. Qb4 Qb6 36. Qa3 Qe3 37. Qa8 Qxe4+ 38. Kh3 Qh4+ 39. Kg2 Qg4+ 40. Kf1 Qf3+ 41. Ke1 Qe3+ 42. Kf1 Qf3+ 43. Ke1 Qxc3+ 44. Ke2 Qc4+ 45. Kf2 Qg4 0-1

[Event "HUN-chT2 Szechenyi 1718"]
[Site "Hungary"]
[Date "2018.05.06"]
[Round "9.6"]
[White "Cseke, Richard"]
[Black "Kiraly, Barnabas"]
[Result "1-0"]
[WhiteElo "2288"]
[BlackElo "1716"]
[PlyCount "59"]
[EventDate "2017.10.29"]
[EventType "team-tourn"]
[EventRounds "9"]
[EventCountry "HUN"]
[SourceTitle "EXT 2021"]
[Source "ChessBase"]
[SourceDate "2020.10.23"]
[SourceVersion "1"]
[SourceVersionDate "2020.10.23"]
[SourceQuality "1"]
[WhiteTeam "Ajka Banyasz"]
[BlackTeam "Arboretum"]
[WhiteTeamCountry "HUN"]
[BlackTeamCountry "HUN"]

1. d4 Nf6 2. Bg5 e6 3. e4 h6 4. Bxf6 Qxf6 5. Nc3 Bb4 6. Qd2 b6 7. a3 Bxc3 8. Qxc3 Nc6 9. Nf3 Bb7 10. Bd3 a6 11. 0-0 0-0 12. b4 Rac8 13. Rfe1 Na7 14. Qb3 Nb5 15. Rad1 d5 16. e5 Qe7 17. a4 Na7 18. Rb1 c6 19. c3 Rc7 20. Rb2 Rb8 21. Reb1 Nc8 22. a5 b5 23. g3 f5 24. exf6 Qxf6 25. Ne5 Nd6 26. Re1 Nf5 27. Rbe2 Rf8 28. Qc2 Bc8 29. f4 Re8 30. Ng4 1-0

[Event "HUN-chT2 Erkel 0910"]
[Site "Hungary"]
[Date "2010.04.18"]
[Round "10.1"]
[White "Bednay, Dezso"]
[Black "Cseke, Richard"]
[Result "1-0"]
[WhiteElo "2307"]
[BlackElo "2291"]
[PlyCount "87"]
[EventDate "2009.11.08"]
[EventType "team-tourn"]
[EventRounds "11"]
[EventCountry "HUN"]
[SourceTitle "EXT 2011"]
[Source "ChessBase"]
[SourceDate "2010.11.26"]
[SourceVersion "1"]
[SourceVersionDate "2010.11.26"]
[SourceQuality "1"]
[WhiteTeam "Barcza"]
[BlackTeam "Vaci"]
[WhiteTeamCountry "HUN"]
[BlackTeamCountry "HUN"]

1. e4 c5 2. Nf3 g6 3. d4 cxd4 4. Nxd4 Bg7 5. c4 Nc6 6. Be3 Nf6 7. Nc3 d6 8. Be2 0-0 9. Rc1 Bd7 10. Qd2 Rc8 11. f3 a5 12. 0-0 Ne5 13. Nd5 Nxd5 14. cxd5 f5 15. exf5 gxf5 16. Rxc8 Bxc8 17. Rc1 Bd7 18. Kh1 Kh8 19. Rc2 a4 20. Qb4 f4 21. Bg1 Qe8 22. Qxb7 Qg6 23. Qb4 Bf6 24. Qe1 Rg8 25. Ba6 Nd3 26. Qd2 Nc5 27. Bf1 Qg5 28. b4 axb3 29. axb3 Ra8 30. b4 Ra1 31. Rc1 Rxc1 32. Qxc1 e5 33. bxc5 exd4 34. c6 Bc8 35. Qc4 Qe5 36. Bd3 Qe1 37. Qc2 Kg7 38. Bxh7 Kf8 39. Qg6 Ke7 40. Qd3 Qa1 41. Bg8 Kd8 42. Qh7 Qc3 43. Qf7 Be5 44. c7+ 1-0

[Event "HUN-chT2 Erkel 0910"]
[Site "Hungary"]
[Date "2009.11.22"]
[Round "2.1"]
[White "Cseke, Richard"]
[Black "Borocz, Istvan"]
[Result "1/2-1/2"]
[WhiteElo "2291"]
[BlackElo "2383"]
[PlyCount "133"]
[EventDate "2009.11.08"]
[EventType "team-tourn"]
[EventRounds "11"]
[EventCountry "HUN"]
[SourceTitle "EXT 2011"]
[Source "ChessBase"]
[SourceDate "2010.11.26"]
[SourceVersion "1"]
[SourceVersionDate "2010.11.26"]
[SourceQuality "1"]
[WhiteTeam "Vaci"]
[BlackTeam "Husi"]
[WhiteTeamCountry "HUN"]
[BlackTeamCountry "HUN"]

1. d4 d5 2. c4 e6 3. Nc3 Nf6 4. Bg5 Be7 5. e3 0-0 6. cxd5 exd5 7. Bd3 c6 8. Nf3 Nbd7 9. Qc2 Re8 10. 0-0 a5 11. a3 Nf8 12. Nd2 Ng4 13. Bxe7 Qxe7 14. Rae1 Qd6 15. Nf3 Ng6 16. h3 Nf6 17. Ng5 Bd7 18. Na4 Re7 19. Qc5 Qxc5 20. Nxc5 Be8 21. Bxg6 hxg6 22. Rc1 a4 23. Rc3 Ra7 24. Rfc1 Bd7 25. g4 Ne8 26. Nf3 f6 27. Nd2 Nd6 28. Nd3 g5 29. Re1 Be8 30. f4 gxf4 31. exf4 Kf8 32. Rxe7 Kxe7 33. Nc5 Bf7 34. Re3+ Kd8 35. Kg2 Ra5 36. f5 b6 37. Nd3 Rb5 38. Re2 c5 39. dxc5 bxc5 40. h4 d4 41. Kg3 Kd7 42. Kf4 Bd5 43. h5 Nc4 44. Ne4 Bxe4 45. Kxe4 Nd6+ 46. Kd5 c4+ 47. Nc5+ Kc7 48. Kxd4 Kc6 49. Nxa4 Rd5+ 50. Ke3 Rd3+ 51. Kf2 Nb5 52. Rc2 Nd6 53. Nc3 Nf7 54. Ne2 Ne5 55. Kg2 Kd5 56. Nf4+ Ke4 57. Rxc4+ Nxc4 58. Nxd3 Kxd3 59. Kf3 Ne5+ 60. Kf4 Nf7 61. a4 Kc4 62. a5 Kb5 63. b4 Ng5 64. Ke3 Nf7 65. Ke4 Nh6 66. Kf4 Nf7 67. Ke4 1/2-1/2

[Event "HUN-chT2 Erkel 0809"]
[Site "Hungary"]
[Date "2008.11.02"]
[Round "2.1"]
[White "Cseke, Richard"]
[Black "Dosztan, Janos"]
[Result "0-1"]
[WhiteElo "2314"]
[BlackElo "2296"]
[PlyCount "108"]
[EventDate "2008.10.26"]
[EventType "tourn"]
[EventRounds "11"]
[EventCountry "HUN"]
[SourceTitle "EXT 2010"]
[Source "ChessBase"]
[SourceDate "2010.11.25"]
[SourceVersion "1"]
[SourceVersionDate "2010.11.25"]
[SourceQuality "1"]
[WhiteTeam "Vaci"]
[BlackTeam "Ujszasz"]
[WhiteTeamCountry "HUN"]
[BlackTeamCountry "HUN"]

1. d4 Nf6 2. c4 g6 3. Nc3 Bg7 4. e4 d6 5. Nf3 0-0 6. Be2 Bg4 7. 0-0 Nfd7 8. Be3 Nc6 9. Qd2 Bxf3 10. Bxf3 e5 11. d5 Nd4 12. Bxd4 exd4 13. Nb5 d3 14. Qxd3 Bxb2 15. Rab1 Nc5 16. Qd2 Bg7 17. Rfe1 Qe7 18. g3 a6 19. Nd4 Qf6 20. Rbd1 Rae8 21. Bg2 Qxd4 22. Qxd4 Bxd4 23. Rxd4 f5 24. f3 Re7 25. Re2 Kf7 26. h4 h6 27. Re1 g5 28. hxg5 hxg5 29. Rd2 b6 30. Ree2 Rfe8 31. Rd4 Kf6 32. Kf2 f4 33. Re1 Ke5 34. Rdd1 Rh7 35. Rh1 Reh8 36. Rxh7 Rxh7 37. Rd2 Rh8 38. Rd1 b5 39. cxb5 axb5 40. Bf1 Ra8 41. Rd2 g4 42. Bxb5 Ra3 43. Be2 fxg3+ 44. Kg2 gxf3+ 45. Bxf3 Kf4 46. Be2 Nxe4 47. Rc2 Nc5 48. Bc4 Ke5 49. Rb2 Kd4 50. Bb3 Nxb3 51. axb3 Kc3 52. Re2 Rxb3 53. Re7 Rb7 54. Kxg3 Kd4 0-1

[Event "HUN-chT2 Erkel 0708"]
[Site "Hungary"]
[Date "2008.02.17"]
[Round "6"]
[White "Cseke, Richard"]
[Black "Csoke, Krisztian"]
[Result "1-0"]
[WhiteElo "2274"]
[BlackElo "2265"]
[PlyCount "81"]
[EventDate "2007.10.14"]
[EventType "team-tourn"]
[EventRounds "11"]
[EventCountry "HUN"]
[SourceTitle "EXT 2009"]
[Source "ChessBase"]
[SourceDate "2008.11.26"]
[SourceVersion "1"]
[SourceVersionDate "2008.11.26"]
[SourceQuality "1"]
[WhiteTeam "Vaci"]
[BlackTeam "Keviterv"]
[WhiteTeamCountry "HUN"]
[BlackTeamCountry "HUN"]

1. d4 Nf6 2. c4 d6 3. Nc3 Nbd7 4. e4 e5 5. d5 Be7 6. h3 0-0 7. Bd3 Re8 8. Nge2 Nf8 9. 0-0 Nh5 10. g4 Nf6 11. Ng3 Ng6 12. Nf5 Nd7 13. Ne2 Bg5 14. Bxg5 Qxg5 15. f3 Nf6 16. Qc1 h6 17. b4 Bxf5 18. Qxg5 hxg5 19. gxf5 Nf4 20. Nxf4 gxf4 21. c5 Kf8 22. Kf2 Ke7 23. Rfc1 Rh8 24. Bf1 Rhc8 25. a3 a5 26. Ke1 Ra7 27. b5 Nd7 28. b6 cxb6 29. cxd6+ Kd8 30. Rxc8+ Kxc8 31. Bb5 Nc5 32. Kf2 a4 33. Rg1 Ra5 34. f6 g6 35. Be8 Ra8 36. Bxf7 Kd7 37. Rxg6 Kxd6 38. Be8 Rxe8 39. f7+ Ke7 40. fxe8Q+ Kxe8 41. Rxb6 1-0

[Event "HUN-chT2 Erkel 0607"]
[Site "Hungary"]
[Date "2007.05.06"]
[Round "10"]
[White "Cseke, Richard"]
[Black "Lako, Laszlo"]
[Result "1/2-1/2"]
[WhiteElo "2273"]
[BlackElo "2199"]
[PlyCount "66"]
[EventDate "2006.11.12"]
[EventType "team-tourn"]
[EventRounds "11"]
[EventCountry "HUN"]
[SourceTitle "EXT 2008"]
[Source "ChessBase"]
[SourceDate "2007.11.25"]
[SourceVersion "1"]
[SourceVersionDate "2007.11.25"]
[SourceQuality "1"]
[WhiteTeam "Vaci"]
[BlackTeam "MAFC"]
[WhiteTeamCountry "HUN"]
[BlackTeamCountry "HUN"]

1. Nf3 g6 2. c4 c5 3. d4 cxd4 4. Nxd4 Bg7 5. e4 Nc6 6. Be3 Nf6 7. Nc3 Ng4 8. Qxg4 Nxd4 9. Qd1 Ne6 10. Qd2 Qa5 11. Rc1 d6 12. Be2 0-0 13. 0-0 Nc5 14. Bh6 Be6 15. Bxg7 Kxg7 16. f4 Na4 17. Qd4+ f6 18. Nxa4 Qxa4 19. Rc3 Qa5 20. Kh1 Rac8 21. a3 Qc5 22. Qd2 a5 23. f5 gxf5 24. Rb3 b6 25. Rb5 Qc6 26. Qd4 Bxc4 27. Rxb6 Qc5 28. Qxc5 Rxc5 29. Bxc4 Rxc4 30. Re1 Rfc8 31. h3 Rc1 32. Rxc1 Rxc1+ 33. Kh2 Rc4 1/2-1/2